Winners of Hells Kitchen - Statistics

General Stats
  • This quiz has been taken 175 times
  • The average score is 15 of 20
Answer Stats
Season Winner % Correct
4 Christina Machamer
92%
3 Rock Harper
91%
2 Heather West
83%
8 Nona Sivley
81%
18 Ariel Contreras-Fox
80%
15 Ariel Malone
80%
6 Dave Levey
80%
1 Michael Wray
80%
5 Danny Veltri
78%
17 Michelle Tribble
78%
9 Paul Niedermann
76%
12 Scott Commings
72%
10 Christina Wilson
71%
13 La Tasha McCutchen
69%
14 Meghan Gill
68%
11 Ja'Nel Witt
67%
7 Holli Ugalde
65%
16 Kimberly-Ann Ryan
64%
20 Trenton Garvey
59%
19 Kori Sutton
54%
No matching quizzes found
Score Distribution
Percent of People with Each Score
Percentile by Number Answered
Your Score History
You have not taken this quiz